Movies Quiz

Random Movies or Actor Quiz

Who's That Actor Quiz Stats

 Plays Quiz Updated Jan 18, 2019

Support Sporcle.
Go Orange.
Score 0/26 Timer 07:00
2 Plays Today
Who was he/she? Actor/Actress % Correct
He was a pirate captain, an astronaut, a barber and a drug dealerJohnny Depp
93.1%
He was a space smuggler, an archeologist-adventurer and the president of the United StatesHarrison Ford
80.4%
He was a chauffeur, a prisoner, a police detective and God himselfMorgan Freeman
72.5%
He was a Nazi killer, a gypsy boxer, a soap maker and a Greek warriorBrad Pitt
69.5%
He was a clawed, mutant superhero, an illusionist and a hackerHugh Jackman
68.3%
He was a weatherman, a ghost buster and a very fat catBill Murray
64.4%
He was a cop out of his jurisdiction, he invented the ultra thinning formula and was an annoying donkeyEddie Murphy
63%
He was a one man army, a one man judge-jury-and-executioner and fought Mr. TSylvester Stallone
54.2%
He was a karate master, a Texas ranger and was missing in action three timesChuck Norris
54.1%
He was a deadly cyborg, a barbarian and first pregnant maleArnold Schwarzenegger
52.6%
She was trapped in a room, lost her daughter on an airplane and played poker in the old WestJodie Foster
52.2%
He was a rock star wannabe, a wrestler-luchador wannabe and a member of The BeatlesJack Black
50.2%
He was a drug addict, a singing poet and a Jedi knightEwan McGregor
46.2%
Who was he/she? Actor/Actress % Correct
She was an Elven queen, the Queen of England and a fortune tellerCate Blanchett
44.1%
She was on a galaxy quest, fought aliens and was possessed by ZuulSigourney Weaver
43.4%
He was a rock star, a porn star and had some ape friendsMark Wahlberg
40.4%
She was the Deadly Viper Assasination Squad member, a female replicant and a mermaidDaryl Hannah
36.2%
He was the king of Zamunda, he ruled the snake worshippers and the whole rebellion trembled at the sound of his voice (and breathing)James Earl Jones
33.2%
He was a Secret Service agent, an immortal and a dragonSean Connery
32.1%
She was a wicked witch, the Catwoman and was turned into a hawkMichelle Pfeiffer
32.1%
He was a psychotic hotel keeper, an insane supervillain, a werewolf and the DevilJack Nicholson
29.2%
He was a vampire, a police commissioner and a punk band memberGary Oldman
27.3%
He was a German terrorist, a wizard, a paranoid android and the voice of GodAlan Rickman
26.2%
He was a ghost hunter, fought in the Vietnam War and was travelling in timeMichael J. Fox
13.5%
He was the ghost of vengeance, an angel and a vampire wannabeNicolas Cage
13.2%
He was a treacherous android, travel loving hobbit and Jack the RipperIan Holm
12.6%

You're not logged in!

Compare scores with friends on all Sporcle quizzes.
OR
Log In
Forgot?

From the Vault

Landlocked Countries Minefield

by nsxdarin

No matter how hard you search, there are no coastlines to be found.
Remove Ads.
Support Sporcle.
Get the best of Sporcle when you Go Orange. This ad-free experience offers more features, more stats, and more fun while also helping to support Sporcle. Thank you for becoming a member.

Show Comments

Extras

Top Quizzes Today


Score Distribution

Your Account Isn't Verified!

In order to create a playlist on Sporcle, you need to verify the email address you used during registration. Go to your Sporcle Settings to finish the process.

Report this User

Report this user for behavior that violates our Community Guidelines.

Details: